<?xml version="1.0" encoding="UTF-8"?>
<record
    xmlns:xsi="http://www.w3.org/2001/XMLSchema-instance"
    xsi:schemaLocation="http://www.loc.gov/MARC21/slim http://www.loc.gov/standards/marcxml/schema/MARC21slim.xsd"
    xmlns="http://www.loc.gov/MARC21/slim">

  <leader>00692cam a22001812  4500</leader>
  <controlfield tag="001">0000023443</controlfield>
  <controlfield tag="005">20151217161557.0</controlfield>
  <controlfield tag="008">121129s         xx           000 0 eng d</controlfield>
  <datafield tag="100" ind1="1" ind2=" ">
    <subfield code="a">Chemitei, Leah Jeruto.</subfield>
    <subfield code="@">0000182836</subfield>
  </datafield>
  <datafield tag="245" ind1="1" ind2="4">
    <subfield code="a">The role of product innovations in creating competitive advantage :</subfield>
    <subfield code="b">a case of microfinance institutions in Nakuru town /</subfield>
    <subfield code="c">Leah Jeruto Chemitei.</subfield>
  </datafield>
  <datafield tag="260" ind1=" " ind2=" ">
    <subfield code="a">Nakuru :</subfield>
    <subfield code="b">Kabarak University,</subfield>
    <subfield code="c">2012.</subfield>
  </datafield>
  <datafield tag="300" ind1=" " ind2=" ">
    <subfield code="a">ix, 64leaves +</subfield>
    <subfield code="e">1 CD-ROM.</subfield>
  </datafield>
  <datafield tag="502" ind1=" " ind2=" ">
    <subfield code="a">Thesis (MBA) - Kabarak University, 2012.</subfield>
  </datafield>
  <datafield tag="650" ind1=" " ind2="0">
    <subfield code="a">Microfinance</subfield>
    <subfield code="x">management.</subfield>
    <subfield code="z">Kenya.</subfield>
    <subfield code="@">0000182837</subfield>
  </datafield>
  <datafield tag="908" ind1=" " ind2=" ">
    <subfield code="a">121129</subfield>
  </datafield>
  <datafield tag="950" ind1=" " ind2=" ">
    <subfield code="@">1</subfield>
  </datafield>
  <datafield tag="999" ind1=" " ind2=" ">
    <subfield code="c">15380</subfield>
    <subfield code="d">15380</subfield>
  </datafield>
  <datafield tag="952" ind1=" " ind2=" ">
    <subfield code="0">0</subfield>
    <subfield code="1">0</subfield>
    <subfield code="2">lcc</subfield>
    <subfield code="7">0</subfield>
    <subfield code="a">KABU</subfield>
    <subfield code="b">KABU</subfield>
    <subfield code="d">2015-12-17</subfield>
    <subfield code="l">5</subfield>
    <subfield code="m">1</subfield>
    <subfield code="o">HG178.33 K46C44 2012</subfield>
    <subfield code="p">014146</subfield>
    <subfield code="r">2018-03-09 00:00:00</subfield>
    <subfield code="s">2018-03-09</subfield>
    <subfield code="w">2015-12-17</subfield>
    <subfield code="y">THE</subfield>
  </datafield>
  <datafield tag="952" ind1=" " ind2=" ">
    <subfield code="0">0</subfield>
    <subfield code="1">0</subfield>
    <subfield code="2">lcc</subfield>
    <subfield code="7">0</subfield>
    <subfield code="a">KABU</subfield>
    <subfield code="b">KABU</subfield>
    <subfield code="c">STAFF</subfield>
    <subfield code="d">2016-09-27</subfield>
    <subfield code="l">0</subfield>
    <subfield code="o">HG 178.33 .K46C44 2012 C.1</subfield>
    <subfield code="p">016531</subfield>
    <subfield code="r">2016-09-27 00:00:00</subfield>
    <subfield code="t">C.1</subfield>
    <subfield code="w">2016-09-27</subfield>
    <subfield code="y">THE</subfield>
  </datafield>
</record>
